LEADER 00990nam0 22002531i 450 001 RML0234463 005 20231121125700.0 100 $a20121121d1994 ||||0itac50 ba 101 | $aita 102 $ait 181 1$6z01$ai $bxxxe 182 1$6z01$an 200 1 $aEquilibrio generale imperfetto$eIl sistema economico come processoevolutivo, individualistico, discreto, deterministico$fPier Carlo Nicola 210 $aBologna $cIl Mulino $d1994 215 $a186 p.$d21 cm 700 1$aNICOLA$b, Pier Carlo$3RMLV149242$0102714 801 3$aIT$bIT-01$c20121121 850 $aIT-FR0098 899 $aBiblioteca Area Giuridico Economica$bFR0098 912 $aRML0234463 950 0$aBiblioteca Area Giuridico Economica$d 53TER 330.1/183$e 53VM 0000028445 VM barcode:ECO002221. - Inventario:1819. - Fondo:Sala consultazioneVM$fA $h19941110$i20121204 977 $a 53 996 $aEquilibrio generale imperfetto$91431872 997 $aUNICAS